Focus on Denmark

Αποθηκεύτηκε σε:
Λεπτομέρειες βιβλιογραφικής εγγραφής
Συγγραφή απο Οργανισμό/Αρχή: The Royal Danish Ministry of Foreign Affairs
Μορφή: Βιβλίο
Γλώσσα:English
Δημοσίευση: Copenhagen : Royal Danish Ministry of Foreign Affairs, 2001
Θέματα:
Ετικέτες: Προσθήκη ετικέτας
Δεν υπάρχουν, Καταχωρήστε ετικέτα πρώτοι!

MARC

LEADER 00000nam a2200000 i 4500
001 1/22370
008 011009s2001 eng d
020 |a 87-7964-012-5 
035 |l 10067466 
040 |a GR-MY-UA  |b gre  |e aacr 
041 0 |a eng 
082 0 |a 338.94891 
110 2 |a The Royal Danish Ministry of Foreign Affairs. 
245 1 0 |a Focus on Denmark /  |c Ministry of Foreign Affairs 
260 |a Copenhagen :   |b Royal Danish Ministry of Foreign Affairs,   |c 2001 
300 |a 135 p.  |b ill. 
500 |a Editor: Uffe Anderson, The Royal Danish Ministry of Foreign Affairs, co-editors: Claus Flyng Baunkjaer and Jorgen Bjerre 
651 0 |a Denmark  |x Economic policy. 
651 0 |a Denmark  |x Economic development. 
651 0 |a Denmark  |x Economic conditions. 
852 |a INST  |b LESVOS  |e 20011009  |h 338.94891 ROY  |p 005100028637  |q 005100028637  |t BK  |y 0 
901 |a BIBL1-2001-3 
909 |a Λ  |b 088649 
920 |a MINISTRY OF FOREIGN AFFAIRS  |y ΛΕΣΒΟΣ  |z 2001-09 
970 |a ΤΖΑΦΕΡΗ  |b ΕΥΑΓΓΕΛΙΑ  |z 2001/10/09